000 00371nam a22001337a 4500
020 _qHB.
040 _cFIZZA ISHAQ
082 _a520
_bSMI
100 _aSmith, Elske v. P.
_9134141
245 _aIntroductory astronomy and astrophysics /
_c Elske v. P. Smith.
260 _aLondon:
_bPhiladelphia, Saunders,
_c1973.
300 _axii, 564 p. ;
_c 27 cm.
942 _2ddc
_cBK
999 _c617083
_d617083